000 00269nam a2200097Ia 4500
008 220204s9999 xx 000 0 und d
082 _a339.138
_bMAR
245 0 _aMarket survey of Libya, Algeria, Morocco, Senegal and Gambia
260 _aBombay
_bPLEPC
_c1973
942 _cBK
999 _c22168
_d22168